[Event "40th IND-chT Open 2020"]
[Site "Ahmedabad"]
[Date "2020.02.07"]
[Round "1.1"]
[White "Chandrajeet Singh Rajawat"]
[Black "Adhiban, B.."]
[Result "0-1"]
[WhiteElo "1778"]
[BlackElo "2654"]
[Annotator "TA"]
[PlyCount "42"]
[EventDate "2020.02.05"]
[EventCountry "IND"]
[SourceTitle "playchess.com"]
[Source "ChessBase"]
[SourceQuality "1"]

{[%evp 9,41,8,13,16,44,32,47,-12,-16,-136,-140,-133,-140,-329,-311,-444,-440,-431,-416,-450,-345,-338,-345,-324,-338,-325,-329,-360,-341,-373,-360,-948,-947,-29999]} 1. d4 Nf6 2. Bf4 c5 3. e3 g6 4. Nc3 cxd4 5. exd4 Bg7 6. Qd2 {[#] A45: Trompowsky Attack.} h5 $146 ({Predecessor:} 6... O-O 7. Nf3 d5 8. O-O-O Nc6 9. h4 Bg4 10. Be2 Qa5 11. Kb1 Rac8 12. Ne5 Bxe2 13. Qxe2 {1-0 (26) Gulbeyaz,E (2093)-Ozgur,I (2046) Konya 2019}) 7. Nf3 d5 8. Nb5 (8. Ne5 $14) 8... O-O $11 9. Nc7 (9. Bd3 $11) 9... Ne4 $17 10. Qe3 e5 $1 11. Nxe5 $2 (11. Bxe5 $17 Bxe5 12. Nxa8) 11... Qxc7 $19 12. Nxg6 (12. O-O-O $142 g5 13. Bg3) 12... Qa5+ 13. b4 Qxb4+ {[%mdl 64] [#] Double Attack} 14. c3 Qxc3+ 15. Qxc3 Nxc3 16. Nxf8 {White wants to play Rc1.} Nc6 ({Inferior is} 16... Bxf8 17. Rc1 $14) 17. Bd3 Bxf8 18. Kd2 Bb4 19. a3 Ne4+ {[%mdl 64] [#] Discovered Attack (Double check)} 20. Ke3 $2 (20. Ke2 Nxd4+ 21. Kf1) 20... Bd2+ 21. Kf3 Bg4# {Accuracy: White = 32%, Black = 79%.} 0-1

[Event "40th IND-chT Open 2020"]
[Site "Ahmedabad"]
[Date "2020.02.07"]
[Round "1.2"]
[White "Gupta, Abhijeet"]
[Black "Arora Honi"]
[Result "1-0"]
[WhiteElo "2608"]
[BlackElo "1788"]
[Annotator "TA"]
[PlyCount "75"]
[EventDate "2020.02.05"]
[EventCountry "IND"]
[SourceTitle "playchess.com"]
[Source "ChessBase"]
[SourceQuality "1"]

{[%evp 18,75,27,14,20,19,10,14,38,-7,-11,-12,-15,-34,-15,-15,-13,-91,-97,-91,-79,-91,-97,-95,-87,-97,-110,-107,-112,-95,-41,-44,-44,-56,-55,-51,-14,-18,-16,-17,-2,-8,0,0,0,-52,-54,-38,26,26,47,9,91,94,98,100,93,79,83,-1342]} 1. d4 d5 2. c4 e6 3. Nf3 Nf6 4. Nc3 c6 5. g3 Nbd7 6. Bg2 Be7 7. O-O O-O 8. Bf4 b6 {[%cal Bb7b6,Bb6b5,Bb5b4][%mdl 32]} 9. cxd5 exd5 10. Qc2 Bb7 {E07: Closed Catalan: Main Line (5 Nf3 0-0 6 0-0 Nbd7).} 11. Rad1 Re8 12. Ne5 Nf8 {The position is equal.} 13. Qa4 b5 14. Qc2 Ne6 15. Bc1 Qb6 16. e3 Rac8 17. Qe2 (17. Nd3 $11) 17... Ba6 $36 {[%mdl 2048] And now ...b4 would win. Black has strong initiative.} 18. Qc2 b4 19. Na4 Qa5 {Threatens to win with ...c5.} 20. Rfe1 Bb5 21. b3 {[#]} Bxa4 $1 22. bxa4 c5 23. dxc5 Rxc5 (23... Nxc5 $17 24. Bf3 (24. Bxd5 Nxd5 25. Rxd5 b3 $17 {[%mdl 64] Discovered Attack}) 24... Qxa4 25. Qxa4 Nxa4) 24. Qb3 $15 Rc3 25. Qb1 $1 Qxa4 26. Bb2 Rc5 {[%cal Bc3c5,Bc5a5,Ba5a6][%mdl 32]} 27. Nd3 Ra5 28. Nc1 Rd8 29. Nb3 Ra6 30. Bxf6 Bxf6 ({But not} 30... gxf6 $6 31. Rd2 $16) 31. Re2 ({White should play} 31. Rxd5 $11 Qxa2 32. Rxd8+ Bxd8 33. Qd3) 31... Rad6 32. Red2 Qd7 (32... Qb5 $15) 33. Rxd5 $11 Rxd5 34. Bxd5 Nc7 {[#]} (34... g6 $11 {remains equal.}) 35. Bf3 $1 $16 {White is better.} Qe7 36. Rxd8+ Qxd8 37. Qe4 Qe7 {[#]} 38. Qxb4 $146 {[%mdl 40960] Accuracy: White = 82%, Black = 78%. . Loss on time!?} (38. Qb7 $16) ({Predecessor:} 38. Qb7) 1-0

[Event "40th IND-chT Open 2020"]
[Site "Ahmedabad"]
[Date "2020.02.07"]
[Round "1.3"]
[White "Devesh, Mukherjee"]
[Black "Karthikeyan, Murali"]
[Result "0-1"]
[WhiteElo "1871"]
[BlackElo "2602"]
[Annotator "TA"]
[PlyCount "58"]
[EventDate "2020.02.05"]
[EventCountry "IND"]
[SourceTitle "playchess.com"]
[Source "ChessBase"]
[SourceQuality "1"]

{[%evp 12,58,0,0,9,0,6,0,0,0,0,0,6,0,0,0,0,-12,-16,-17,-14,-55,-63,-83,-83,-85,-83,-83,-83,-77,-77,-113,-111,-123,-116,-116,-116,-151,-118,-155,-153,-186,-142,-212,-208,-299,-151,-295,-281]} 1. e4 c5 2. Nf3 e6 3. c3 Nf6 4. e5 Nd5 5. d4 d6 6. Bd3 cxd4 7. cxd4 dxe5 {B22: Sicilian: 2 c3.} 8. Nxe5 Bb4+ 9. Bd2 Bxd2+ {The position is equal.} 10. Qxd2 O-O 11. O-O Nd7 {[#]} 12. Nc3 $146 ({Predecessor:} 12. Rd1 N7f6 13. Nc3 Bd7 14. a4 a5 15. Ra3 Bc6 16. Bb1 Ne7 17. Nxc6 bxc6 18. Ne4 Nxe4 19. Bxe4 {½-½ (64) Gottuk,S (2281)-Luther,T (2589) Dresden 2006}) 12... Nxc3 13. Qxc3 Nf6 14. Rac1 b6 15. Rfd1 Bb7 16. Qc7 Qd5 {[%csl Gb7][%cal Rd5g2][%mdl 64] [#] Double Attack} 17. Bf1 Rac8 18. Qe7 Rxc1 19. Rxc1 Qxd4 20. Qxb7 {aiming for Nc6.} Qxe5 21. Rc8 g6 $40 {[%mdl 128] Black goes for the king.} 22. Rxf8+ Kxf8 23. Qxa7 Qxb2 24. h3 Kg7 {Threatens to win with ...Ne4.} 25. Qb7 Nd5 26. a4 {Black must now prevent a5!} Qb4 27. Qc6 (27. Qd7 $17 {might work better.}) 27... Nc3 $19 28. Bb5 (28. Qc7 $142) 28... Qd4 (28... Nxb5 $19 29. axb5 Qe1+ 30. Kh2 Qxf2 31. Qc3+ Qf6) 29. g3 {[#]} (29. Qd7 $17 {keeps fighting.} Qe4 30. g3) 29... Ne4 $1 {Accuracy: White = 43%, Black = 84%.} 0-1

[Event "40th IND-chT Open 2020"]
[Site "Ahmedabad"]
[Date "2020.02.07"]
[Round "1.4"]
[White "Sengupta, Deep"]
[Black "Aditya Kumawat"]
[Result "1-0"]
[WhiteElo "2534"]
[BlackElo "1552"]
[Annotator "TA"]
[PlyCount "75"]
[EventDate "2020.02.05"]
[EventCountry "IND"]
[SourceTitle "playchess.com"]
[Source "ChessBase"]
[SourceQuality "1"]

{[%evp 9,75,28,30,22,23,19,19,19,19,21,16,20,27,19,21,36,22,0,11,0,0,-25,-26,-30,-22,-47,-39,-50,-42,-58,-52,-97,-38,-40,-45,-51,-17,-19,-21,-26,0,-15,0,0,18,0,0,0,17,18,22,12,163,127,145,153,391,363,283,116,433,99,104,99,1215,1033,29986,29987]} 1. c4 Nf6 2. Nc3 Nc6 3. Nf3 e6 4. d4 Bb4 5. Bd2 O-O 6. e3 {E21: Nimzo-Indian: 4 Nf3.} d6 7. a3 Bxc3 $1 8. Bxc3 {The position is equal.} Ne4 9. Qc2 Nxc3 10. Qxc3 a5 11. Be2 Qe7 12. O-O e5 13. d5 Nb8 14. b4 {[#]} Bg4 $146 ({Predecessor:} 14... Na6 15. Rfc1 Bg4 16. c5 Bxf3 17. Bxf3 axb4 18. axb4 dxc5 19. bxc5 Nxc5 20. Rab1 b6 {0-1 (56) Djuricic,D (1861)-Janzelj,T (2160) Kamnik 2012}) 15. Kh1 Nd7 16. Ng1 f5 17. f3 Bh5 18. f4 Bxe2 19. Nxe2 g6 20. Ng1 Nf6 ({Black should try} 20... Qf6 $17 21. b5 exf4 22. Qxf6 Rxf6 23. exf4 Nb6) 21. Nf3 Ne4 22. Qb3 b6 23. fxe5 dxe5 24. Rac1 Kg7 25. Kg1 h6 26. Rfd1 Rfe8 27. Nd2 axb4 28. axb4 Qh4 {[#] Threatens to win with ...Qf2+.} 29. Nxe4 Qxe4 30. c5 b5 $2 (30... bxc5 $11 31. Rxc5 Re7) 31. d6 $18 cxd6 32. cxd6 Red8 $2 (32... h5 $16 33. d7 (33. Rc7+ Kh6 $16) 33... Red8) 33. Rc7+ Kf6 {[#]} 34. d7 (34. Kh1 $1 $18 {is the precise move to win.}) 34... Ke7 $2 {[%mdl 8192]} (34... f4 $16) 35. Rc5 $2 (35. h3 $18 {has better winning chances.}) 35... Ra7 $16 36. Qc3 Raxd7 $2 {[%mdl 8192]} (36... Kf7 $16) 37. Rxe5+ $18 Kf8 38. Rxd7 {Accuracy: White = 70%, Black = 54%.} 1-0

[Event "40th IND-chT Open 2020"]
[Site "Ahmedabad"]
[Date "2020.02.07"]
[Round "1.5"]
[White "Vignesh N R"]
[Black "Jain Adi"]
[Result "1-0"]
[WhiteElo "2436"]
[BlackElo "1728"]
[Annotator "TA"]
[PlyCount "69"]
[EventDate "2020.02.05"]
[EventCountry "IND"]
[SourceTitle "playchess.com"]
[Source "ChessBase"]
[SourceQuality "1"]

{[%evp 11,69,16,31,29,33,22,27,27,33,28,37,35,75,47,36,35,78,30,34,26,23,22,24,0,49,47,144,59,59,50,57,60,225,268,375,404,467,429,875,693,704,676,670,692,675,689,672,665,723,730,718,740,706,713,918,885,933,824,1060,854]} 1. d4 Nf6 2. c4 e6 3. Nf3 Bb4+ 4. Nbd2 O-O 5. a3 Bxd2+ 6. Qxd2 d6 7. e3 {E11: Bogo-Indian.} Nbd7 8. Be2 e5 9. Qc2 {White has an edge.} Re8 10. O-O Qe7 11. b4 Nf8 12. Bb2 {[#]} e4 $146 ({Predecessor:} 12... Ng6 13. Rfd1 e4 14. Nd2 Bg4 15. Bxg4 Nxg4 16. h3 Nf6 17. d5 Nd7 18. Rac1 f5 {0-1 (33) Noe,C (2422)-Kazakovskiy,V (2416) Novi Sad 2016}) 13. Nd2 $36 {[%mdl 2048] White is pushing.} Ng6 14. d5 Bf5 15. Bd4 Ne5 16. Qc3 Bg4 17. f3 Bh5 18. Rae1 Bg6 (18... a5 $14) 19. Kh1 (19. f4 $16) 19... exf3 $14 20. gxf3 Ned7 21. e4 Nh5 $2 {[#]} (21... c6 $14) 22. f4 $1 $18 c5 23. dxc6 $1 Ndf6 24. f5 {White is clearly winning.} Nxe4 (24... bxc6 $142 25. fxg6 hxg6) 25. Bxh5 Nxc3 26. Rxe7 Rxe7 27. fxg6 hxg6 28. cxb7 (28. Bxc3 gxh5 29. cxb7 Rb8 $16) 28... Rb8 29. Bf3 ({Not} 29. Bxc3 gxh5 30. Kg2 Rbxb7 $16) 29... Ne2 30. Bxa7 Rbxb7 31. Bxb7 Rxb7 32. Bf2 Rc7 33. Re1 Nf4 34. Bg3 Nd3 35. Re3 {Accuracy: White = 74%, Black = 50%.} 1-0

[Event "40th IND-chT Open 2020"]
[Site "Ahmedabad"]
[Date "2020.02.07"]
[Round "1.6"]
[White "Makwana Devam"]
[Black "Shyaamnikhil P"]
[Result "0-1"]
[WhiteElo "1724"]
[BlackElo "2460"]
[Annotator "TA"]
[PlyCount "84"]
[EventDate "2020.02.05"]
[EventCountry "IND"]
[SourceTitle "playchess.com"]
[Source "ChessBase"]
[SourceQuality "1"]

{[%evp 21,84,43,45,-32,-7,-20,34,0,42,36,97,82,101,28,38,24,89,54,81,83,160,82,105,31,52,6,7,-25,-25,-50,-56,-59,-57,-68,-54,-54,-14,-112,-112,-114,-102,-285,-210,-274,-275,-240,-252,-300,-302,-408,-252,-306,-112,-297,-290,-388,-293,-390,-384,-407,-257,-391,-268,-426,-399]} 1. e4 c5 2. Nf3 d6 3. d4 cxd4 4. Nxd4 Nf6 5. Nc3 a6 6. f3 e5 7. Nb3 Be6 8. Be3 Nbd7 9. g4 h6 10. Qd2 Be7 {has lost popularity (10...b5).} 11. O-O-O b5 12. Qf2 {B90: Sicilian Najdorf: Unusual White 6th moves, 6 Be3 Ng4 and 6 Be3 e5.} (12. h4 $14) 12... Qc7 (12... b4 $5 {[%cal Rb4c3]} 13. Nd5 Bxd5 14. exd5 a5 $11) 13. h4 Rb8 {[#]} ({Black should try} 13... b4 $1 $11 14. Nd5 Bxd5 15. exd5 a5) 14. Rh2 $146 {White is slightly better.} ({Predecessor:} 14. Kb1 Nb6 15. Rg1 Nc4 16. Bc1 a5 17. Nd5 Nxd5 18. exd5 Bd7 19. g5 hxg5 20. Bxg5 {1-0 (47) Belozerov,A (2515)-Chos,A (2296) Sochi 2019}) 14... Nb6 15. g5 Nfd7 (15... Nh5 $14) 16. gxh6 $16 gxh6 {[#]} 17. Nd5 (17. f4 $1 $16) 17... Bxd5 $1 $11 18. exd5 Nc4 (18... Nf6 $11 {remains equal.}) 19. Kb1 $16 Nxe3 20. Qxe3 Qb6 (20... Nf6 $142) 21. Qd3 (21. Qe1 $142) 21... Nf6 {[#]} 22. Bh3 (22. Rg2 $1 $16) 22... Rg8 23. Re2 Rg3 24. Qf5 Rg1 25. Rxg1 Qxg1+ 26. Nc1 Qd4 27. h5 Qh4 28. Bg4 Nxd5 29. Qd7+ (29. Qh7 $11) 29... Kf8 $17 30. Qa7 Rd8 31. Qxa6 $2 (31. Rd2 $17 Nf6 32. Qg1) 31... Nf4 32. Re4 Qg5 33. Qxb5 f5 {[%mdl 64] Double Attack} 34. Rxf4 Qxf4 35. Ne2 Qd2 36. Bxf5 Qd1+ $40 {[%mdl 128] Black is out for blood.} 37. Nc1 Bg5 {[%csl Gg5][%cal Rd1c1]} ({Not} 37... Qxf3 38. Qd3 $17) 38. a3 Qxc1+ 39. Ka2 Qf4 40. Qd3 Kg7 {White must now prevent ...d5.} 41. Bg6 (41. Be6 {is the only way for White.}) 41... Qf6 42. Qc4 (42. Qd5 {keeps fighting.}) 42... d5 {Accuracy: White = 33%, Black = 46%.} 0-1

[Event "40th IND-chT Open 2020"]
[Site "Ahmedabad"]
[Date "2020.02.07"]
[Round "1.7"]
[White "Deepan Chakkravarthy J."]
[Black "Adalja Vanssh A"]
[Result "1-0"]
[WhiteElo "2545"]
[BlackElo "1710"]
[Annotator "TA"]
[PlyCount "72"]
[EventDate "2020.02.05"]
[EventCountry "IND"]
[SourceTitle "playchess.com"]
[Source "ChessBase"]
[SourceQuality "1"]

{[%evp 9,72,4,3,2,29,9,20,4,21,1,29,27,46,27,32,31,56,57,72,56,101,72,67,68,76,65,108,97,113,85,99,54,139,134,140,129,122,133,128,106,139,126,130,130,214,199,248,259,327,280,311,299,756,734,639,373,710,668,1056,1050,978,930,29978,29979,945]} 1. Nf3 Nf6 2. b3 e6 3. Bb2 b6 4. g3 Bb7 5. Bg2 d5 6. O-O {A05: Réti Opening: 1 Nf3 Nf6.} Bd6 7. c4 O-O 8. d3 {The position is equal.} Nbd7 9. Qc2 Qe7 10. Nc3 a6 11. Rfe1 {[#]} c6 $146 ({Predecessor:} 11... c5 12. e4 d4 13. Ne2 e5 14. Nh4 g6 15. Bc1 Nh5 16. Bh6 Rfe8 17. Qd2 Nf8 {1-0 (40) Estrada Martinez,C (2211)-Galan Aguado,F (1823) Madrid 2010}) 12. d4 Rac8 13. e4 dxe4 14. Nxe4 Bb8 15. a4 Nxe4 16. Rxe4 Rfe8 17. Re2 (17. a5 {looks sharper.} Nf6 18. Re2 b5 19. Ba3 Qd8 20. Bb4) 17... Nf8 18. h4 a5 19. Qc3 f6 20. Ba3 Bd6 ({Black should try} 20... c5 $1 $14) 21. c5 $16 bxc5 22. dxc5 Bc7 23. Nd4 $36 {[%mdl 2048] White is in control.} Be5 24. Rae1 Red8 25. Rxe5 fxe5 26. Nf3 Qf6 (26... e4 $16 {was called for.} 27. Ng5 Rd3) 27. Bb2 $18 ({Don't take} 27. Nxe5 $6 Nd7 $16) (27. Qxa5 $6 e4 $16) (27. Qxe5 Rd3 $11) 27... Nd7 28. Ng5 ({Don't do} 28. Qxa5 $6 Qf8) ({Weaker is} 28. Nxe5 Nxe5 29. Rxe5 (29. Qxe5 Qxe5 30. Bxe5 Kf7 $14) 29... Rd1+ 30. Kh2 Rcd8 $16) 28... Rb8 29. Qxa5 Ba8 30. Qc3 Qe7 $2 {[#]} (30... h6) 31. Bh3 Nf8 32. Nxe6 Nxe6 $2 (32... Rd5 33. a5 Re8) 33. Qxe5 Re8 34. Bxe6+ Kh8 35. Re4 Rb7 {[#]} 36. Qh5 $1 Qxe6 {Accuracy: White = 83%, Black = 37%.} 1-0

[Event "40th IND-chT Open 2020"]
[Site "Ahmedabad"]
[Date "2020.02.07"]
[Round "1.8"]
[White "Shah Moxit J"]
[Black "Swapnil, S. Dhopade"]
[Result "0-1"]
[WhiteElo "1783"]
[BlackElo "2495"]
[Annotator "TA"]
[PlyCount "87"]
[EventDate "2020.02.05"]
[EventCountry "IND"]
[SourceTitle "playchess.com"]
[Source "ChessBase"]
[SourceQuality "1"]

{[%evp 9,87,-9,0,-5,0,-7,-13,-10,-12,-10,-3,-3,-3,-22,-19,-17,-13,-19,-20,-16,0,-40,-34,-49,-25,-32,-29,-35,-26,-107,-73,-61,-72,-85,-77,-119,-136,-134,-122,-175,-165,-208,-208,-264,-252,-243,-237,-231,-231,-231,-231,-235,-215,-239,-239,-263,-255,-242,-260,-450,-457,-398,-174,-278,-274,-404,-381,-382,-382,-366,-359,-360,-332,-416,-443,-450,-449,-437,-429,-355]} 1. Nf3 Nf6 2. c4 e6 3. e3 d5 4. b3 b6 5. cxd5 exd5 6. Bb2 {A13: English Opening: 1...e6.} Bb7 7. Be2 {7.Nc3 is a critical line.} Nbd7 8. O-O {The position is equal.} Bd6 9. Nc3 a6 10. Rc1 O-O {[#]} 11. h3 $146 ({Predecessor:} 11. Qc2 Qe7 12. Rfe1 Rfe8 13. Bf1 Rac8 14. Ne2 c5 15. Ng3 g6 16. Qb1 Ne4 17. d4 {0-1 (33) Zhao,X (2565)-Koneru,H (2610) Beijing 2012}) 11... Qe7 12. d3 Rfe8 13. Nb1 c5 14. d4 Ne4 15. dxc5 bxc5 16. Nc3 Ndf6 17. Nxe4 Nxe4 18. Bd3 f5 19. b4 (19. Rc2 $11) 19... cxb4 20. Nd4 Qf7 21. Bxe4 Rxe4 22. Qd3 {[#]} f4 $1 23. Nf3 {With the idea Ng5.} h6 24. Nd2 (24. Bd4 $17) 24... Re6 $19 25. Qd4 a5 26. exf4 Bxf4 27. Rce1 {Black should prevent Rxe6.} Rae8 28. Rxe6 Rxe6 29. Nf3 Ba6 30. Re1 Rxe1+ 31. Nxe1 Bc4 $40 {[%mdl 128] Black wants a kill.} 32. a3 bxa3 33. Bxa3 Qf6 34. Qc5 $2 (34. Qxf6 gxf6 35. Nc2) 34... Qe5 {[%cal Re5e1] [#]} 35. Nc2 Bb3 (35... Bd3 $142 {White must now prevent ...Bxc2.} 36. Ne3 Qa1+ 37. Qc1 Qxc1+ 38. Bxc1 d4) 36. Ne3 (36. g3 {keeps fighting.} Bxg3 37. Qf8+ Kh7 38. Nd4) 36... d4 37. Qxe5 (37. Qb6 {was worth a try.} dxe3 38. Qxb3+ Kh8 39. fxe3 Bxe3+ 40. Kf1) 37... Bxe5 {[%mdl 4096] Endgame KBB-KBN} 38. Bb2 g6 39. Nf1 Kf7 40. Nd2 Bd5 41. g3 Ke6 42. f4 {Black is clearly winning.} Bf6 43. Kf2 h5 44. g4 {Accuracy: White = 62%, Black = 90%.} 0-1

[Event "40th IND-chT Open 2020"]
[Site "Ahmedabad"]
[Date "2020.02.07"]
[Round "1.9"]
[White "Krishnan Ritvik"]
[Black "Raja Harshit"]
[Result "0-1"]
[WhiteElo "1844"]
[BlackElo "2472"]
[Annotator "TA"]
[PlyCount "64"]
[EventDate "2020.02.05"]
[EventCountry "IND"]
[SourceTitle "playchess.com"]
[Source "ChessBase"]
[SourceQuality "1"]

{[%evp 14,70,33,-2,-12,-19,-6,-20,-16,-19,-20,-25,-34,-26,-29,-29,-31,-64,-52,-74,-90,-97,-78,-85,-90,-128,-132,-177,-166,-215,-210,-232,-214,-242,-168,-243,-241,-295,-287,-370,-349,-699,-684,-674,-651,-695,-697,-714,-710,-710,-690,-673,-670,-673,-666,-624,-564,-545,-506]} 1. e4 c5 2. Nf3 d6 3. d4 cxd4 4. Nxd4 Nf6 5. Nc3 a6 6. h3 e6 7. g4 h6 {7...Be7 is a critical line.} 8. Be3 b5 {B81: Sicilian Scheveningen: Keres Attack.} 9. a3 Bb7 10. Bg2 Nbd7 $1 {The position is equal.} 11. Qe2 Rc8 12. O-O Ne5 13. Rad1 g5 {[#]} 14. Rfe1 $146 ({Predecessor:} 14. f4 gxf4 15. Bxf4 Nfd7 16. Qf2 Bg7 17. Nce2 Qc7 18. Ng3 Rh7 19. Nh5 Bh8 20. c3 {0-1 (35) Garcia Cardenas,P (2324)-Vasquez Schroder,R (2506) Santiago de Chile 2010}) 14... Be7 15. Bc1 h5 {[%cal Rh5g4]} 16. Nf3 Nxf3+ 17. Bxf3 hxg4 18. hxg4 Nd7 19. Bg2 Ne5 20. Nb1 Qc7 21. c3 Rh4 22. f3 Ng6 23. Be3 Nf4 24. Qd2 (24. Bxf4 {was called for.} gxf4 25. Rd3) 24... d5 $19 {[#] ...dxe4 is the strong threat.} 25. e5 Qxe5 26. Bf2 Qh8 27. Bxh4 $2 (27. Be3) 27... Qxh4 {Black is clearly winning.} 28. b4 Qg3 {Threatens to win with ...Bd8.} 29. Kf1 {[#] If White can now play Qf2 this consolidates a bit.} d4 $1 {[%mdl 512]} 30. Qf2 (30. cxd4 Bxf3) 30... Qxf2+ 31. Kxf2 dxc3 32. Bf1 Bf6 {Played: c3-c2} 0-1

[Event "40th IND-chT Open 2020"]
[Site "Ahmedabad"]
[Date "2020.02.07"]
[Round "1.10"]
[White "Visakh N R"]
[Black "Kshatriya Nitin Vekhande"]
[Result "1/2-1/2"]
[WhiteElo "2518"]
[BlackElo "1756"]
[Annotator "TA"]
[PlyCount "119"]
[EventDate "2020.02.05"]
[EventCountry "IND"]
[SourceTitle "playchess.com"]
[Source "ChessBase"]
[SourceQuality "1"]

{[%evp 30,119,29,29,33,43,43,37,34,38,63,57,78,72,75,60,87,0,0,0,0,0,0,0,0,0,0,-216,-217,-237,-230,-243,-243,-252,-228,-206,-192,-253,-258,-252,-211,-277,-160,-744,-722,-913,-883,-850,-141,-141,-141,-1829,-1479,-5910,-791,-2927,0,-5029,-132,-132,-132,-132,-125,-139,0,0,0,0,0,0,0,0,0,0,0,0,0,0,0,0,0,0,0,0,0,0,0,0,0,0,0,0]} 1. e4 c5 2. Nf3 d6 3. d4 cxd4 4. Nxd4 Nf6 5. Nc3 g6 6. Be3 Bg7 7. f3 O-O 8. Qd2 Nc6 9. O-O-O d5 10. Qe1 e5 11. Nxc6 bxc6 12. exd5 Nxd5 13. Bc4 Be6 14. Ne4 Qc7 15. Bc5 Rfd8 16. Qh4 h6 {B76: Sicilian Dragon: Yugoslav Attack, 9 g4 and 9 0-0-0.} 17. g4 Rab8 18. g5 h5 {White is slightly better.} 19. Qf2 a5 20. a4 Rd7 {[#]} 21. Ba3 $146 ({Predecessor:} 21. Rd3 Qd8 22. Rhd1 Bf5 23. h4 Rbb7 24. R3d2 Rb8 25. Ba3 Qe8 26. Qc5 Be6 27. Qxa5 Ra8 28. Qc5 Rxa4 29. Qxc6 Rxc4 30. Qxc4 Ne3 31. Rxd7 Bxd7 32. Nd6 {1-0 (32) Jaederholm,B (2420)-Karason,A (2455) corr 1997}) 21... Qd8 22. h4 Rdb7 {and if ...Bf8 works, Black does fine.} 23. Bb3 (23. b3 $16) 23... Rxb3 $11 24. cxb3 Rxb3 25. Rd2 Bf8 26. Bxf8 Qxf8 27. Qc5 Rxf3 {[%cal Bb3f3,Bf3f4,Bf4c4][%mdl 32]} 28. Qxa5 $2 (28. Qxc6 $11 {and White is okay.} Rf4 29. Rxd5 Rxe4 30. Rd8 (30. Rc5 Rxa4 31. Qxa4 Qxc5+ 32. Kb1 e4 $19) 30... Qxd8 31. Qxe4) 28... Rf4 $19 29. Re1 Bf5 $1 {[%cal Rf5e4]} (29... Rxh4 30. Qc5 $17) 30. Nf6+ Nxf6 31. Rd8 Rc4+ 32. Kd2 Ne8 {Threatens to win with ...Qe7.} 33. Rxe5 (33. Qxe5 $142 Be6 34. Re4 Qb4+ {[%mdl 64] Double Attack} 35. Kd3 Qb3+ 36. Kd2 Qc2+ {[%mdl 64] Double Attack} 37. Ke3 Rxe4+ 38. Qxe4 Qc1+ 39. Kf2 Qxb2+ 40. Kg1) 33... Be6 34. Qb6 Kh7 {And now ...Qe7 would win.} ({Much less strong is} 34... Rxa4 35. Rxe6 $1 {[%mdl 512]} fxe6 36. Qxc6 $17) (34... Rxh4 35. a5 $19) 35. Ke1 Rxa4 ({Weaker is} 35... Rxh4 36. Qb7 $17) (35... Qg7 $19 36. Re2 Nf6 $1 {[%mdl 512]} 37. Rxe6 fxe6 38. gxf6 Re4+ 39. Kd1 Qxf6) 36. Re2 $2 (36. Qb7 $17 Rb4 37. Rxe8) 36... Qe7 37. b4 Ra1+ 38. Kf2 {[#]} Rh1 $2 (38... Nf6 $1 $19 {has better winning chances. ( -> ...Ng4+)} 39. Qb8 (39. gxf6 Qxf6+) 39... Ng4+ 40. Kg3 Ra3+ 41. Kf4 {[#]} Nf6 $1 {[%mdl 512]} 42. Rh8+ Kg7) 39. Qb8 $17 {[#]} Rh2+ $1 {[%mdl 512]} 40. Kg1 $2 {[%mdl 8192]} (40. Kg3 $17 Qc7+ 41. Re5 Rh3+ 42. Kg2 Qxb8 43. Rxb8 Rxh4 44. Rxe8) (40. Qxh2 Qxd8) 40... Rxh4 $19 41. Re5 Rg4+ 42. Kh2 Rh4+ 43. Kg1 Rxb4 $2 (43... f5 $19 44. Rxe6 Qxg5+ 45. Kf2 f4 46. Re7+ Kh6 47. Rd2 Qg3+ 48. Ke2 f3+ {[%mdl 64] Discovered Attack} 49. Kd1 Qxb8 50. Red7 Qxb4 51. Rf2 Qb3+ 52. Kd2 Rh1 53. Rxf3 Rh2+ 54. Rf2 Rxf2+ 55. Ke1 Qe3+ 56. Kd1 Qe2+ 57. Kc1 Qc2#) 44. Rxe8 $17 {Rh8+ would kill now.} Rxb8 45. Rxe7 $19 {[%mdl 4096] Endgame KRR-KRB} Kg8 46. Kh2 Rb5 ({Black should play} 46... Rb2+ $17 47. Kg3 Kf8 48. R7xe6 fxe6 49. Rxe6 Rb3+ 50. Kf4 Kf7 51. Rf6+ Kg7 52. Rxc6 Rb4+ 53. Ke3 Rb5 54. Rc7+ Kf8) 47. Rxb5 $11 {The position is equal.} cxb5 {KR-KB} 48. Rb7 Bc4 49. Kg3 Kg7 50. Kf4 Kf8 51. Ke5 Kg7 52. Kf4 Bf1 53. Rc7 Be2 54. Re7 Bc4 55. Rb7 Bd3 56. Rd7 Be2 57. Re7 Bf1 58. Rc7 Bg2 59. Rc5 Bf1 60. Rc7 {Accuracy: White = 69%, Black = 72%.} 1/2-1/2